000 00610nam a22001817a 4500
003 NUST
005 20260311144932.0
008 260311b ||||| |||| 00| 0 eng d
020 _a 978-3319474304
082 _a511.5
_bSAR
100 _a Sherif Sakr, Faisal Moeen Orakzai, Ibrahim Abdelaziz, Zuhair Khayyat.
_9133647
245 _aLarge-Scale Graph Processing Using Apache Giraph /
_c Sherif Sakr, Faisal Moeen Orakzai, Ibrahim Abdelaziz, Zuhair Khayyat.
250 _a1st edition
260 _aSwitzerland:
_bSpringer,
_c2017.
300 _a222 p ;
_c30.00 cm
563 _aHardcover
942 _2ddc
_cBK
999 _c616607
_d616607